000 00763nam a2200217 a 4500
999 _c2062
_d2062
001 2062
003 BD-JhCC
005 20171029123720.0
008 171029s1359 bg |||| ||a| 000 0 ben d
035 _a(BD-JhCC)2062
040 _aBD-JhCC
_dBD-JhCC
041 _aben
082 _a891.4409
_bSEN 1359
100 _aসেনগুপ্ত, শ্রীসুবোধচন্দ্র
245 _aরবীন্দ্রনাথ /
_cশ্রীসুবোধচন্দ্র সেনগুপ্ত
260 _aকলকাতা :
_bএস. সি. সরকার অ্যাণ্ড সন্স প্রাইভেট লি:,
_c1359.
300 _a354 p. :
_c21 cm.
650 _aBengali Literature
942 _2ddc
_cBK